000 00506nam a2200193Ia 4500
005 20250508154013.0
008 008 250505s9999 xx 000 0 eng d
037 _aTextual
040 _aFEDL
_beng
_cFEDL
041 _aeng
_2eng
084 _a301.2, RAJ
_qFEDL
100 _aRajagopalachari C.
245 0 _aOur culture
260 _aBombay, India
_bBharatiya Vidya Bhavan
_c1963
300 _a51p.
650 _aSociology
942 _cTEXL
_h301.2, RAJ
999 _c1346966
_d1346966